000 00405nam a2200169Ia 4500
001 5073
003 IN-NITTTR
005 20251114233006.0
008 251113s9999||||xx |||||||||||||| ||eng||
040 _beng
040 _cIN-NITTTR
041 _aeng
082 _a621.3 S83E
100 _aShrader, Robert L.
245 0 _aElectrical fundamentals for technicians /
_cShrader, Robert L.
942 _2ddc
_cBK
999 _c7709
_d7709